000 00255nam a22001217a 4500
008 180927b xxu||||| |||| 00| 0 eng d
041 _aeng
080 _a610
100 _a6
101 _aANE
245 _aAnesthesiology
_cWaneger B.L
942 _2udc
_cBK
999 _c48544
_d48544